Online Marraige Bureau (Record no. 69285)

MARC details
000 -LEADER
fixed length control field 00329nam a2200133Ia 4500
008 - FIXED-LENGTH DATA ELEMENTS--GENERAL INFORMATION
fixed length control field 221007s9999 xx 000 0 und d
041 ## - LANGUAGE CODE
Language code of text/sound track or separate title eng
082 ## - DEWEY DECIMAL CLASSIFICATION NUMBER
Item number SEN
100 ## - MAIN ENTRY--PERSONAL NAME
Personal name Sengaonkar R (2K4223)
9 (RLIN) 102127
245 ## - TITLE STATEMENT
Title Online Marraige Bureau
260 ## - PUBLICATION, DISTRIBUTION, ETC. (IMPRINT)
Date of publication, distribution, etc. 2006
Name of publisher, distributor, etc. Pune University
Place of publication, distribution, etc. Pune
520 ## - SUMMARY, ETC.
Summary, etc. Dhamdhere S
906 ## - LOCAL DATA ELEMENT F, LDF (RLIN)
b General
Holdings
Withdrawn status Lost status Damaged status Not for loan Home library Current library Date acquired Vendor Full call number Barcode Date last seen Bill Date Koha item type Original Barcode
        Smt. Hiraben Nanavati Institute of Management & Research for Women Smt. Hiraben Nanavati Institute of Management & Research for Women 26/07/2006 HNIMR SEN HIMR-PR-234 07/10/2022 26/07/2006 Project Reports PR0234